00369nam a2200157Ia 4500008004100000041000800041100001000049245005200059260003100111300000800142365001200150500000900162520001200171650000900183999001900192230605s2007 xx 000 0 und d aeng aBeech aThe Practical Guide to Napkins & Napkin Folding bHermes House london c2007 a256 b596h25 a1685 aGeneral aH.K. c418448d418448